000
00326nam a22001457a 4500
003
SGT
020
_a
978-1-138-56475-6
082
_a
302.2
_b
I17F
100
_a
FISKE, JOHN
245
_a
INTRODUCTION TO COMMUNICATION STUDIES
250
_a
3RD
260
_a
NEW YORK
_b
ROUTLEDGE
_c
2017
300
_a
195
942
_2
ddc
_c
BK
999
_c
17068
_d
17068